000
00334nam a22001577a 4500
003
SGT
020
_a
81-85731-21-7
082
_a
616.01
_b
P16J
100
_a
JAIN, N.K
245
_a
PHARMACEUTICAL MICROBIOLOGY
250
_a
2ND
260
_a
DELHI
_b
VALLABH PUB
_c
2016
300
_a
344
650
_a
PHARMACY
942
_2
ddc
_c
BK
_0
52
999
_c
11123
_d
11123